000 00717cab a22001935a 4500
001 L155587
008 120329e20120317xxk 000 0 eng d
035 _a(Sirsi) u155587
041 0 _aeng
100 1 _aHavard, Tim
245 0 0 _aCrying wolf
260 _aLondon
_bEstates Gazette
_c2012
490 _aEstates Gazette
_v(1211) 17 March 2012, 84-86(2)
520 _aSuggests changes in the nature of valuation approaches in the UK as lease lengths become shorter. Notes that most of Europe and the United States traditionally uses a cash flow approach and encourages UK valuers to consider the advantages of this method.
590 _aKA
651 4 _aUnited Kingdom
690 _aValuation
_96273
942 _n0
999 _c83882
_d83882